000 01087naa a22003137a 4500
001 BR7804882
003 BR-BrBNA
005 20240918174143.0
007 ta
008 230509b bl.||||| |||| 00| 0 por d
040 _aBR-BrBNA
_bpor
_cBiblioteca Nacional de Agricultura
041 _a(Pt)
072 _aF00; F22
_b1490
_b3575
_bG514
090 _aF00 BR7804882
100 1 _aMarinato, R.
100 1 _aTanaka, T.
245 1 _aIntroducao da cultura do guar no vale do Gorutuba. Parcela de observacao [Cyamopsis tetragonoloba; Minas Gerais; Brasil]
260 3 _aBelo Horizonte, MG (Brasil):
_c1978.
500 _aProjeto Guar. Relatorio 74/77 Belo Horizonte, MG (Brasil): 1978. p. 52-57 (BR7804882-AM)F00
650 _aProducao vegetal
650 _aQuimica do solo
650 _aGuar
650 _aSemente
650 _aAnalise do solo
650 _aPratica cultural
773 0 _tProjeto Guar. Relatorio 74/77 [Cyamopsis tetragonoloba]
_w1490 BR7804876
_gBelo Horizonte, MG (Brasil), 1978.
_q89 p.
909 _a202404
_bLucia
_c55
_dLucia Elande
942 _cAM
_2AGRIS
999 _c309252
_d309252